| 000 | 00418nam a22001697a 4500 | ||
|---|---|---|---|
| 003 | OSt | ||
| 005 | 20211019100158.0 | ||
| 008 | 211019b |||||||| |||| 00| 0 eng d | ||
| 020 | _a0-07-290801-7 | ||
| 040 |
_aDDC _cHU |
||
| 082 |
_28 _a612 _b2 |
||
| 100 |
_aVANDER _914106 |
||
| 245 | _aHUMAN PHYSIOLOGY The Mechanisms of Body Function | ||
| 250 | _a8 | ||
| 260 |
_aBoston _bMc Graw Hill _c612 |
||
| 942 |
_2ddc _cBOOKS _n0 |
||
| 999 |
_c13180 _d13180 |
||